Statistics for Taylor Swift Songs (All)

Click here to take the quiz!

General Stats

  • This quiz has been taken 11 times
    (4 since last reset)
  • The average score is 125 of 215

Answer Stats

AlbumSong% Correct
evermore (deluxe version)evermore
100%
Fearless (Taylor’s Version)Fearless
100%
Taylor Swift (Bonus Track Version)Invisible
100%
LoverLover
100%
Fearless (Taylor’s Version)Love Story
100%
Fearless (Taylor’s Version)Mr. Perfectly Fine
100%
Speak Now (Taylor’s Version)Ours
100%
Taylor Swift (Bonus Track Version)Our Song
100%
Red (Taylor’s Version)Red
100%
Red (Taylor’s Version)Ronan
100%
Red (Taylor’s Version)Safe & Sound
100%
Speak Now (Taylor’s Version)Speak Now
100%
Red (Taylor’s Version)State Of Grace
100%
Taylor Swift (Bonus Track Version)Tim McGraw
100%
Red (Taylor’s Version)22
75%
LoverAfterglow
75%
Red (Taylor’s Version)All Too Well
75%
Red (Taylor’s Version)All Too Well (10 Minute Version)
75%
Midnights (The Til Dawn Edition)Anti-Hero
75%
1989 (Taylor’s Version)Bad Blood
75%
Midnights (The Til Dawn Edition)Bejeweled
75%
1989 (Taylor’s Version)Blank Space
75%
reputationCall It What You Want
75%
folklore (deluxe version)cardigan
75%
SingleCarolina
75%
SingleChristmas Tree Farm
75%
LoverCornelia Street
75%
LoverCruel Summer
75%
reputationDancing With Our Hands Tied
75%
LoverDaylight
75%
reputationDelicate
75%
reputationDon’t Blame Me
75%
reputationDress
75%
reputationEnd Game
75%
folklore (deluxe version)epiphany
75%
folklore (deluxe version)exile
75%
Fearless (Taylor’s Version)Forever & Always
75%
reputationGetaway Car
75%
Midnights (The Til Dawn Edition)Glitch
75%
evermore (deluxe version)gold rush
75%
reputationGorgeous
75%
Red (Taylor’s Version)Holy Ground
75%
reputationI Did Something Bad
75%
LoverI Forgot That You Existed
75%
Red (Taylor’s Version)I Knew You Were Trouble
75%
1989 (Taylor’s Version)I Know Places
75%
1989 (Taylor’s Version)Is It Over Now?
75%
LoverI Think He Knows
75%
LoverIt’s Nice To Have A Friend
75%
Midnights (The Til Dawn Edition)Karma
75%
Midnights (The Til Dawn Edition)Lavender Haze
75%
LoverLondon Boy
75%
Speak Now (Taylor’s Version)Long Live
75%
evermore (deluxe version)long story short
75%
reputationLook What You Made Me Do
75%
Midnights (The Til Dawn Edition)Maroon
75%
Taylor Swift (Bonus Track Version)Mary’s Song (Oh My My My)
75%
Midnights (The Til Dawn Edition)Mastermind
75%
LoverME!
75%
Red (Taylor’s Version)Message In A Bottle
75%
Midnights (The Til Dawn Edition)Midnight Rain
75%
folklore (deluxe version)mirrorball
75%
folklore (deluxe version)my tears ricochet
75%
1989 (Taylor’s Version)New Romantics
75%
reputationNew Years Day
75%
1989 (Taylor’s Version)Out Of The Woods
75%
LoverPaper Rings
75%
Midnights (The Til Dawn Edition)Paris
75%
Taylor Swift (Bonus Track Version)Picture To Burn
75%
Midnights (The Til Dawn Edition)Question…?
75%
reputation…Ready For It?
75%
1989 (Taylor’s Version)Say Don’t Go
75%
folklore (deluxe version)seven
75%
1989 (Taylor’s Version)Shake It Off
75%
1989 (Taylor’s Version)Slut!
75%
Midnights (The Til Dawn Edition)Snow On The Beach
75%
reputationSo It Goes…
75%
LoverSoon You’ll Get Better
75%
1989 (Taylor’s Version)Style
75%
1989 (Taylor’s Version)Suburban Legends
75%
Taylor Swift (Bonus Track Version)Teardrops On My Guitar
75%
folklore (deluxe version)the 1
75%
LoverThe Archer
75%
folklore (deluxe version)the lakes
75%
folklore (deluxe version)the last great american dynasty
75%
LoverThe Man
75%
reputationThis Is Why We Can’t Have Nice Things
75%
1989 (Taylor’s Version)This Love
75%
Red (Taylor’s Version)We Are Never Ever Getting Back Together
75%
1989 (Taylor’s Version)Welcome To New York
75%
Fearless (Taylor’s Version)White Horse
75%
evermore (deluxe version)willow
75%
1989 (Taylor’s Version)Wonderland
75%
1989 (Taylor’s Version)You Are In Love
75%
LoverYou Need To Calm Down
75%
Midnights (The Til Dawn Edition)You’re On Your Own, Kid
75%
LoverAll Of The Girls You Loved Before
50%
1989 (Taylor’s Version)All You Had To Do Was Stay
50%
Taylor Swift (Bonus Track Version)A Place In This World
50%
folklore (deluxe version)august
50%
Red (Taylor’s Version)Babe
50%
Speak Now (Taylor’s Version)Back To December
50%
Red (Taylor’s Version)Better Man
50%
folklore (deluxe version)betty
50%
Midnights (The Til Dawn Edition)Bigger Than The Whole Sky
50%
Fearless (Taylor’s Version)Breathe
50%
Speak Now (Taylor’s Version)Castles Crumbling
50%
evermore (deluxe version)champagne problems
50%
The Taylor Swift Holiday Collection - EPChristmases When You Were Mine
50%
1989 (Taylor’s Version)Clean
50%
evermore (deluxe version)closure
50%
Taylor Swift (Bonus Track Version)Cold As You
50%
Fearless (Taylor’s Version)Come In With The Rain
50%
evermore (deluxe version)coney island
50%
evermore (deluxe version)cowboy like me
50%
Speak Now (Taylor’s Version)Dear John
50%
Midnights (The Til Dawn Edition)Dear Reader
50%
evermore (deluxe version)dorothea
50%
Speak Now (Taylor’s Version)Electric Touch
50%
Speak Now (Taylor’s Version)Enchanted
50%
Red (Taylor’s Version)Eyes Open
50%
LoverFalse God
50%
Fearless (Taylor’s Version)Fifteen
50%
Red (Taylor’s Version)Forever Winter
50%
evermore (deluxe version)happiness
50%
Speak Now (Taylor’s Version)Haunted
50%
Fearless (Taylor’s Version)Hey Stephen
50%
Midnights (The Til Dawn Edition)High Infidelity
50%
Midnights (The Til Dawn Edition)Hits Different
50%
folklore (deluxe version)hoax
50%
1989 (Taylor’s Version)How You Get The Girl
50%
Red (Taylor’s Version)I Almost Do
50%
SingleI Don’t Wanna Live Forever
50%
folklore (deluxe version)illicit affairs
50%
evermore (deluxe version)it’s time to go
50%
evermore (deluxe version)ivy
50%
1989 (Taylor’s Version)I Wish You Would
50%
Fearless (Taylor’s Version)Jump Then Fall
50%
reputationKing Of My Heart
50%
Midnights (The Til Dawn Edition)Labyrinth
50%
folklore (deluxe version)mad woman
50%
evermore (deluxe version)marjorie
50%
Speak Now (Taylor’s Version)Mean
50%
Speak Now (Taylor’s Version)Mine
50%
LoverMiss Americana & The Heart Break Prince
50%
evermore (deluxe version)no body, no crime
50%
Red (Taylor’s Version)Nothing New
50%
1989 (Taylor’s Version)Now That We Don’t Talk
50%
folklore (deluxe version)peace
50%
evermore (deluxe version)right where you left me
50%
Red (Taylor’s Version)Run
50%
Red (Taylor’s Version)Sad Beautiful Tragic
50%
The Taylor Swift Holiday Collection - EPSanta Baby
50%
The Taylor Swift Holiday Collection - EPSilent Night
50%
Red (Taylor’s Version)Starlight
50%
Red (Taylor’s Version)Stay Stay Stay
50%
Speak Now (Taylor’s Version)Superman
50%
Fearless (Taylor’s Version)Superstar
50%
SingleSweeter Than Fiction
50%
Midnights (The Til Dawn Edition)Sweet Nothing
50%
Fearless (Taylor’s Version)That’s When
50%
Midnights (The Til Dawn Edition)The Great War
50%
Red (Taylor’s Version)The Last Time
50%
Red (Taylor’s Version)The Moment I Knew
50%
Speak Now (Taylor’s Version)The Story Of Us
50%
folklore (deluxe version)this is me trying
50%
Taylor Swift (Bonus Track Version)Tied Together With A Smile
50%
evermore (deluxe version)‘tis the damn season
50%
evermore (deluxe version)tolerate it
50%
Red (Taylor’s Version)Treacherous
50%
The Taylor Swift Holiday Collection - EPWhite Christmas
50%
Midnights (The Til Dawn Edition)Would’ve, Could’ve, Should’ve
50%
Fearless (Taylor’s Version)You Belong With Me
50%
Fearless (Taylor’s Version)You’re Not Sorry
50%
Taylor Swift (Bonus Track Version)A Perfectly Good Heart
25%
Red (Taylor’s Version)Begin Again
25%
Speak Now (Taylor’s Version)Better Than Revenge
25%
Fearless (Taylor’s Version)Bye Bye Baby
25%
Fearless (Taylor’s Version)Change
25%
The Taylor Swift Holiday Collection - EPChristmas Must Be Something More
25%
Red (Taylor’s Version)Come Back… Be Here
25%
LoverDeath By A Thousands
25%
Fearless (Taylor’s Version)Don’t You
25%
Red (Taylor’s Version)Everything Has Changed
25%
Speak Now (Taylor’s Version)Foolish One
25%
Red (Taylor’s Version)Girl At Home
25%
Speak Now (Taylor’s Version)I Can See You
25%
Fearless (Taylor’s Version) | Speak Now (Taylor’s Version)If This Was A Movie
25%
Taylor Swift (Bonus Track Version)I’m Only Me When I’m With You
25%
Speak Now (Taylor’s Version)Innocent
25%
folklore (deluxe version)invisible strings
25%
The Taylor Swift Holiday Collection - EPLast Christmas
25%
Speak Now (Taylor’s Version)Last Kiss
25%
Speak Now (Taylor’s Version)Never Grow Up
25%
SingleOnly The Young
25%
SingleRenegade
25%
Taylor Swift (Bonus Track Version)Should’ve Said No
25%
Speak Now (Taylor’s Version)Sparks Fly
25%
Taylor Swift (Bonus Track Version)Stay Beautiful
25%
Fearless (Taylor’s Version)Tell Me Why
25%
Fearless (Taylor’s Version)The Best Day
25%
Red (Taylor’s Version)The Lucky One
25%
Fearless (Taylor’s Version)The Other Side Of The Door
25%
Taylor Swift (Bonus Track Version)The Outside
25%
Red (Taylor’s Version)The Very First Night
25%
Fearless (Taylor’s Version)The Way I Loved You
25%
Speak Now (Taylor’s Version)Timeless
25%
Fearless (Taylor’s Version)Today Was A Fairytale
25%
Fearless (Taylor’s Version)Untouchable
25%
Midnights (The Til Dawn Edition)Vigilante Shit
25%
Fearless (Taylor’s Version)We Were Happy
25%
Speak Now (Taylor’s Version)When Emma Falls In Love
25%
1989 (Taylor’s Version)Wildest Dreams
25%
Fearless (Taylor’s Version)You All Over Me
25%

Score Distribution

Percentile by Number Answered

Percent of People with Each Score

Your Score History

You have not taken this quiz since the last reset